San Manuel Bueno, mártir
Պահպանված է:
| Հիմնական հեղինակ: | |
|---|---|
| Ձևաչափ: | Գիրք |
| Լեզու: | իսպաներեն |
| Հրապարակվել է: |
Santiago
Nascimento
1971
|
| Հրատարակություն: | 1a. ed |
| Շարք: | Biblioteca Popular Nascimento
|
| Խորագրեր: | |
| Ցուցիչներ: |
Ավելացրեք ցուցիչ
Չկան պիտակներ, Եղեք առաջինը, ով նշում է այս գրառումը!
|
MARC
| LEADER | 00000cam a2200000 a 4500 | ||
|---|---|---|---|
| 001 | UCF6352 | ||
| 003 | CL-VaPUC | ||
| 008 | 130425e19710000CL |||||||||||||||||spa|d | ||
| 082 | 0 | 4 | |a 863 |b UNA |2 21 |
| 100 | 0 | |a Unamuno, Miguel de |e author |9 312478 | |
| 245 | 1 | 0 | |a San Manuel Bueno, mártir |
| 246 | 1 | 0 | |a Nada menos que todo un hombre |
| 250 | |a 1a. ed | ||
| 300 | |a 127 p | ||
| 942 | |c BK | ||
| 945 | |d 20130425 00:00:00 |a cmena | ||
| 260 | |a Santiago |b Nascimento |c 1971 | ||
| 650 | 0 | |a Novelas españolas |9 265052 | |
| 650 | 0 | |a Literatura española |9 306261 | |
| 583 | |a last modification |c 20130425 11:23:00 |k Rodrigo Vera | ||
| 490 | 0 | |a Biblioteca Popular Nascimento | |
| 999 | |c 351578 |d 351576 | ||
| 952 | |0 0 |1 0 |4 0 |6 863_000000000000000_UNA_1971 |7 0 |8 R |9 455764 |a BIBEDU |b BIBEDU |c MCIRC |d 2019-11-22 |i 4957660 |o 863 UNA 1971 |p 4957660 |r 2023-01-13 |w 2019-11-22 |y BK_R |k LIT | ||